Bundesliga Allgemeinwissen Quiz - Statistiken

Allgemein
  • Dieses Quiz wurde 381 mal gespielt
  • Das Durchschnittsergebnis liegt bei 35 aus 45
Antwortstatistiken
Frage Kachel Select % Korrekt
Bundesliga Meister Bayern München Ja
99%
Bundesliga Meister BVB Ja
99%
Bundesliga Meister Leverkusen Ja
97%
Bundesliga Meister Mainz 05 Nein
97%
Bundesliga Meister Waldhof Mannheim Nein
97%
Bundesliga Torschützenkönige Lewandowski Ja
96%
Bundesliga Meister RB Leipzig Nein
96%
Vereine mit einem V im Namen Bayern Nein
95%
Vereine mit einer Zahl im Logo HSV Nein
94%
Bundesliga Meister Hamburger SV Ja
93%
Vereine mit einer Zahl im Logo Schalke Ja
93%
Vereine mit einem V im Namen Schalke Nein
92%
Vereine mit einer Zahl im Logo Werder Bremen Nein
91%
Bundesliga Torschützenkönige Kane Ja
90%
Vereine mit einer Zahl im Logo Mainz Ja
90%
Vereine mit einer Zahl im Logo Gladbach Nein
89%
Bundesliga Torschützenkönige Jovic Nein
87%
Bundesliga Torschützenkönige Kolo Muani Nein
87%
Vereine mit einer Zahl im Logo BVB Ja
86%
Bundesliga Torschützenkönige Guirassy Nein
85%
Vereine mit einem V im Namen Stuttgart Ja
85%
Vereine mit einem V im Namen Wolfsburg Ja
84%
Vereine mit einem V im Namen Osnabrück Ja
82%
Vereine mit einer Zahl im Logo Bayern München Nein
81%
Spieler die die 10 haben oder hatten Haaland Nein
81%
Vereine mit einer Zahl im Logo Dynamo Dresden Nein
79%
Vereine mit einem V im Namen Hamburg Ja
79%
Spieler die die 10 haben oder hatten Wirtz Ja
79%
Spieler die die 10 haben oder hatten Füllkrug Nein
76%
Bundesliga Meister Nürnberg Ja
76%
Bundesliga Torschützenkönige Gomez Ja
75%
Spieler die die 10 haben oder hatten Götze Ja
75%
Spieler die die 10 haben oder hatten Sane Ja
73%
Spieler die die 10 haben oder hatten Openda Nein
72%
Spieler die die 10 haben oder hatten Woltemade Nein
72%
Vereine mit einem V im Namen Leverkusen Ja
69%
Bundesliga Torschützenkönige Füllkrug Ja
68%
Bundesliga Meister Schalke 04 Nein
63%
Bundesliga Torschützenkönige Dzeko Ja
62%
Vereine mit einem V im Namen Dortmund Ja
58%
Bundesliga Torschützenkönige Haaland Nein
50%
Vereine mit einer Zahl im Logo Köln Ja
46%
Spieler die die 10 haben oder hatten Reus Nein
39%
Vereine mit einem V im Namen Waldhof Mannheim Ja
37%
Spieler die die 10 haben oder hatten Berisha Ja
30%
Keine übereinstimmenden Quizze gefunden
Verteilung der Resultate
Anzahl Personen mit jedem Resultat
Perzentil nach korrekt beantworteten Fragen
Ihre Resultats-Entwicklung
Sie haben dieses Quiz noch nicht gespielt